Musical Families - Statistics

General Stats
  • This quiz has been taken 47 times
  • The average score is 5 of 8
Answer Stats
Hint Answer % Correct
Barry, Robin, Maurice Bee Gees
98%
Isaac, Taylor, Zac Hanson
71%
Angus, Malcolm AC/DC
68%
Brian, Dennis, Carl Beach Boys
68%
Nick, Joe, Kevin Jonas Brothers
68%
Kevin Richardson, Brian Littrell Backstreet Boys
46%
Jordan, Jonathan New Kids on the Block
27%
Phil, Don The Everly Brothers
20%
No matching quizzes found
Score Distribution
Percent of People with Each Score
Percentile by Number Answered
Your Score History
You have not taken this quiz